000 00355nam a2200145Ia 4500
008 230917s9999||||xx |||||||||||||| ||und||
040 _e183626
_aMAIN
041 _aEnglish
082 _a338.4791 G271E
100 _aGeetanjali
245 0 _aEnvironment and tourism
260 _aNew Delhi
_bCentrum Press
_c2010
300 _avii, 292 p.
942 _cBK
999 _c153590
_d153590